| 000 | 00417 a2200121 4500 | ||
|---|---|---|---|
| 001 | ART_12015 | ||
| 005 | 20260410161559.0 | ||
| 008 | 260409a | ||
| 245 | 1 | 0 | _aUn aporte crítico a la valoración empírica de empresas utilizando EBITIDA y el EVA |
| 100 | 1 | _aAlonso, Juan Carlos | |
| 700 | 1 | _aGiménez, Carlos Manuel | |
| 773 | 0 |
_tProfesional & Empresaria _g- Año XIII, Nº 160 (ene. 2013) _wREV70 |
|
| 999 |
_c9547 _d9547 |
||